[Event "AUT-chT2M 1112"]
[Site "Austria"]
[Date "2011.12.02"]
[Round "4.1"]
[White "Sakelsek, Tadej"]
[Black "Krebs, Johann"]
[Result "1/2-1/2"]
[WhiteElo "2407"]
[BlackElo "2284"]
[PlyCount "53"]
[EventDate "2011.10.21"]
[EventType "team-tourn"]
[EventRounds "11"]
[EventCountry "AUT"]
[SourceTitle "EXT 2013"]
[Source "ChessBase"]
[SourceDate "2012.11.22"]
[SourceVersion "1"]
[SourceVersionDate "2012.11.22"]
[SourceQuality "1"]
[WhiteTeam "Graz Austria"]
[BlackTeam "Graz Strassenbahn"]
[WhiteTeamCountry "AUT"]
[BlackTeamCountry "AUT"]

1. e4 c5 2. Nf3 Nc6 3. d4 cxd4 4. Nxd4 e5 5. Nb5 d6 6. c4 Be7 7. N1c3 a6 8. Na3 Be6 9. Nc2 Bg5 10. Bxg5 Qxg5 11. Nd5 Rc8 12. g3 h5 13. h4 Qg6 14. Bg2 Nf6 15. Nxf6+ Qxf6 16. b3 Bg4 17. Qd2 Qh6 18. f3 Qxd2+ 19. Kxd2 Be6 20. Rhd1 Ke7 21. Rac1 f6 22. f4 Rc7 23. Ne3 Nd4 24. Nc2 Nc6 25. Ne3 Nd4 26. Nc2 Nc6 27. Ne3 1/2-1/2

[Event "Graz op 18th"]
[Site "Graz"]
[Date "2011.09.03"]
[Round "8"]
[White "Farago, Ivan"]
[Black "Sakelsek, Tadej"]
[Result "1/2-1/2"]
[WhiteElo "2485"]
[BlackElo "2407"]
[PlyCount "164"]
[EventDate "2011.08.27"]
[EventType "swiss"]
[EventRounds "9"]
[EventCountry "AUT"]
[SourceTitle "CBM 144 Extra"]
[Source "ChessBase"]
[SourceDate "2011.10.28"]
[SourceVersion "1"]
[SourceVersionDate "2011.10.28"]
[SourceQuality "1"]

1. d4 Nf6 2. c4 e6 3. Nf3 b6 4. g3 Ba6 5. Qa4 Bb7 6. Bg2 c5 7. dxc5 bxc5 8. 0-0 Be7 9. Nc3 0-0 10. Bf4 Qb6 11. Rfd1 d6 12. Rab1 Na6 13. a3 Bc6 14. Qc2 Rfd8 15. e4 Qb7 16. Ne1 h6 17. Qe2 Rac8 18. Nc2 Qa8 19. b4 Bb7 20. b5 Nc7 21. a4 e5 22. Bd2 Ne6 23. Nd5 Nxd5 24. exd5 Nd4 25. Nxd4 cxd4 26. Bh3 Rb8 27. Ba5 Rf8 28. Bc7 Bc8 29. Bxb8 Bxh3 30. Bc7 Qc8 31. b6 axb6 32. Bxb6 d3 33. Qxd3 Bf5 34. Qe2 Bxb1 35. Rxb1 f5 36. c5 f4 37. c6 Qf5 38. Rb4 f3 39. Qf1 e4 40. c7 Bg5 41. Rc4 e3 42. Bxe3 Bxe3 43. c8Q Bxf2+ 44. Kxf2 Rxc8 45. Rxc8+ Qxc8 46. Qb5 Qc2+ 47. Kxf3 Qxh2 48. Qb8+ Kh7 49. Qxd6 Qh1+ 50. Kf2 Qd1 51. Qc6 Qd2+ 52. Kf3 Qd3+ 53. Kf2 Qd2+ 54. Kf3 Qd3+ 55. Kf4 g5+ 56. Ke5 Qxg3+ 57. Kf6 Qf4+ 58. Ke7 g4 59. d6 Qe5+ 60. Kd8 g3 61. Kc8 Qh8+ 62. Kc7 Qg7+ 63. d7 g2 64. Qc2+ Kh8 65. Qxg2 Qxg2 66. d8Q+ Kg7 67. a5 Qc2+ 68. Kb8 Kg6 69. Qb6+ Kg5 70. a6 Qh2+ 71. Qc7 Qb2+ 72. Kc8 Kg4 73. Qd7+ Kg3 74. Qd6+ Kg4 75. Qg6+ Kf3 76. Qxh6 Qc3+ 77. Kb7 Qb4+ 78. Qb6 Qe7+ 79. Ka8 Ke2 80. Qb5+ Ke1 81. a7 Qc7 82. Qb7 Qd8+ 1/2-1/2

[Event "Graz op 18th"]
[Site "Graz"]
[Date "2011.08.28"]
[Round "2"]
[White "Sakelsek, Tadej"]
[Black "Schein, Karl Heinz"]
[Result "1-0"]
[WhiteElo "2407"]
[BlackElo "2206"]
[PlyCount "47"]
[EventDate "2011.08.27"]
[EventType "swiss"]
[EventRounds "9"]
[EventCountry "AUT"]
[SourceTitle "CBM 144 Extra"]
[Source "ChessBase"]
[SourceDate "2011.10.28"]
[SourceVersion "1"]
[SourceVersionDate "2011.10.28"]
[SourceQuality "1"]

1. e4 c5 2. Nf3 d6 3. d4 cxd4 4. Nxd4 Nf6 5. Nc3 a6 6. Bc4 e6 7. a3 b5 8. Ba2 Bb7 9. Qe2 Nc6 10. Nxc6 Bxc6 11. 0-0 Be7 12. f4 0-0 13. f5 exf5 14. Rxf5 Qb6+ 15. Be3 Qb7 16. Bd4 Rae8 17. Raf1 Bd8 18. Rxf6 gxf6 19. Nd5 Re5 20. Bxe5 fxe5 21. Qh5 Qa7+ 22. Kh1 Qd4 23. Ne7+ Bxe7 24. Rxf7 1-0